[Event "Criciuma op-B"]
[Site "Criciuma"]
[Date "2024.01.16"]
[Round "7"]
[White "Da Silva, Miguel Michels"]
[Black "Mariani, Kim Paul"]
[Result "1-0"]
[WhiteElo "1365"]
[BlackElo "1530"]
[PlyCount "67"]
[EventDate "2024.01.12"]
[EventType "swiss"]
[EventRounds "9"]
[EventCountry "BRA"]
[SourceTitle "CB04_2024"]
[SourceDate "2023.10.16"]
[SourceVersion "1"]
[SourceVersionDate "2023.10.16"]
[SourceQuality "1"]

1. d4 d5 2. c4 e5 3. dxe5 d4 4. Nf3 Nc6 5. a3 Nge7 6. b4 Ng6 7. Bb2 Ngxe5 8. Nxe5 Nxe5 9. Qxd4 Qxd4 10. Bxd4 Nxc4 11. e3 Be6 12. Nd2 Nxd2 13. Kxd2 0-0-0 14. Bd3 f6 15. Rac1 Be7 16. Bxa7 Bf5 17. Bd4 Bxd3 18. Kxd3 Rd6 19. Rc4 Ra6 20. Bb2 Rd8+ 21. Ke2 b5 22. Rc2 Kb7 23. Rd1 Bd6 24. h3 Re8 25. Rd3 Re7 26. Rd5 Rc6 27. Rxb5+ Rb6 28. Rxb6+ Kxb6 29. Bd4+ Kb5 30. Bc5 Bxc5 31. Rxc5+ Kb6 32. f4 Re8 33. g4 Ra8 34. Rc3 1-0

[Event "Criciuma op-B"]
[Site "Criciuma"]
[Date "2024.01.14"]
[Round "4"]
[White "De Assuncao, Victor Emanuel Cost"]
[Black "Da Silva, Miguel Michels"]
[Result "1/2-1/2"]
[WhiteElo "1800"]
[BlackElo "1365"]
[PlyCount "72"]
[EventDate "2024.01.12"]
[EventType "swiss"]
[EventRounds "9"]
[EventCountry "BRA"]
[SourceTitle "CB04_2024"]
[SourceDate "2023.10.16"]
[SourceVersion "1"]
[SourceVersionDate "2023.10.16"]
[SourceQuality "1"]

1. e4 e5 2. Nf3 Nc6 3. Bb5 a6 4. Ba4 Nf6 5. 0-0 d6 6. c3 Be7 7. Re1 0-0 8. h3 b5 9. Bb3 Bb7 10. d4 exd4 11. cxd4 Na5 12. Bc2 c5 13. d5 Nc4 14. Nbd2 Nb6 15. Nf1 Re8 16. Ng3 h6 17. Nh2 Bf8 18. b3 Bc8 19. Be3 Qc7 20. Qf3 Nbd7 21. Nh5 Nxh5 22. Qxh5 Nf6 23. Qf3 Be7 24. e5 dxe5 25. d6 Bxd6 26. Qxa8 Bb7 27. Qxe8+ Nxe8 28. Nf1 Nf6 29. Nd2 Nd5 30. Ne4 Nxe3 31. Rxe3 Be7 32. Rae1 Qc6 33. f3 f6 34. Kh1 Qc7 35. Ng3 Kh8 36. f4 Bc6 1/2-1/2

[Event "Criciuma op-B"]
[Site "Criciuma"]
[Date "2024.01.13"]
[Round "2"]
[White "Bonfim, Regina Rodrigues"]
[Black "Da Silva, Miguel Michels"]
[Result "1-0"]
[WhiteElo "1683"]
[BlackElo "1365"]
[PlyCount "73"]
[EventDate "2024.01.12"]
[EventType "swiss"]
[EventRounds "9"]
[EventCountry "BRA"]
[SourceTitle "CB04_2024"]
[SourceDate "2023.10.16"]
[SourceVersion "1"]
[SourceVersionDate "2023.10.16"]
[SourceQuality "1"]

1. d4 d5 2. Nf3 Nf6 3. c4 e6 4. Bg5 Be7 5. e3 0-0 6. Nc3 h6 7. Bh4 Nbd7 8. Qc2 b6 9. cxd5 exd5 10. Bd3 Bb7 11. 0-0 c5 12. Bb5 Qc7 13. Rac1 Rac8 14. Qf5 Rfd8 15. Bg3 Bd6 16. Ne5 Nf8 17. f4 c4 18. Ba4 a6 19. Bh4 Be7 20. Rf3 b5 21. Bxf6 Bxf6 22. Bc2 Bxe5 23. fxe5 Qe7 24. Rcf1 Rc7 25. Rg3 Bc8 26. Qh5 Rc6 27. Ne2 Rd7 28. Nf4 Kh8 29. Qf3 Qd8 30. Nh5 Ne6 31. Qf5 g6 32. Rxg6 fxg6 33. Qxg6 Nxd4 34. Nf6 Rxf6 35. Rxf6 Nxc2 36. Qxh6+ Kg8 37. Rg6+ 1-0

[Event "Criciuma op-B"]
[Site "Criciuma"]
[Date "2024.01.12"]
[Round "1"]
[White "Da Silva, Miguel Michels"]
[Black "Ramos, Beatriz Sulzbacher"]
[Result "1-0"]
[WhiteElo "1365"]
[BlackElo "1790"]
[PlyCount "57"]
[EventDate "2024.01.12"]
[EventType "swiss"]
[EventRounds "9"]
[EventCountry "BRA"]
[SourceTitle "CB04_2024"]
[SourceDate "2023.10.16"]
[SourceVersion "1"]
[SourceVersionDate "2023.10.16"]
[SourceQuality "1"]

1. d4 d5 2. c4 e6 3. Nc3 Nf6 4. Bg5 Be7 5. e3 0-0 6. Nf3 dxc4 7. Bxc4 Nbd7 8. 0-0 b6 9. Qe2 c5 10. Rfd1 cxd4 11. Nxd4 Qc7 12. Bxe6 Bb7 13. Bxd7 Qxd7 14. e4 Rfe8 15. Nf5 Qc6 16. Nxe7+ Rxe7 17. f3 Re5 18. Bf4 Rh5 19. Rac1 Rc8 20. Nb5 Qe6 21. Rxc8+ Qxc8 22. Nd6 Qc5+ 23. Be3 Qc6 24. Nxb7 g5 25. g4 Rh6 26. Bxg5 Rg6 27. Rd6 Qxb7 28. Bxf6 Qc7 29. Rd8+ 1-0

[Event "Florianopolis op 9th"]
[Site "Florianopolis"]
[Date "2023.01.24"]
[Round "3"]
[White "Stival da Silva, Javier Rodrigo"]
[Black "Da Silva, Miguel Michels"]
[Result "0-1"]
[WhiteElo "1640"]
[BlackElo "1156"]
[PlyCount "74"]
[EventDate "2023.01.23"]
[EventType "swiss"]
[EventRounds "10"]
[EventCountry "BRA"]
[SourceTitle "CBM 212 Extra"]
[Source "ChessBase"]
[SourceDate "2023.03.31"]
[SourceVersion "1"]
[SourceVersionDate "2023.03.31"]
[SourceQuality "1"]

1. e4 e5 2. Nf3 Nc6 3. Bc4 Bc5 4. c3 Nf6 5. d3 d6 6. h3 Be6 7. Nbd2 Bxc4 8. Nxc4 h6 9. a4 a6 10. Be3 Ba7 11. Qc2 0-0 12. 0-0 Re8 13. Bxa7 Rxa7 14. Rfe1 Ra8 15. Rad1 b5 16. Ne3 Qd7 17. Nf1 b4 18. d4 Rab8 19. Ng3 a5 20. d5 Ne7 21. c4 b3 22. Qc3 Rb4 23. c5 Qxa4 24. Ra1 Qb5 25. cxd6 cxd6 26. Qc7 Qb6 27. Qxb6 Rxb6 28. Rxa5 Rc8 29. Raa1 Rc2 30. Rab1 Ng6 31. Re3 Nd7 32. Ne1 Rc8 33. Rc3 Rxc3 34. bxc3 Nc5 35. f3 Nf4 36. Kf2 Na4 37. c4 Nc3 0-1

[Event "Rio Negrinho Froebel Cup"]
[Site "Rio Negrinho"]
[Date "2022.04.10"]
[Round "6"]
[White "Da Silva, Miguel Michels"]
[Black "Warginowski, Leticia"]
[Result "0-1"]
[WhiteElo "1119"]
[BlackElo "1340"]
[PlyCount "58"]
[EventDate "2022.04.08"]
[EventType "swiss"]
[EventRounds "6"]
[EventCountry "BRA"]
[SourceTitle "EXT 2023"]
[Source "ChessBase"]
[SourceDate "2022.10.05"]
[SourceVersion "1"]
[SourceVersionDate "2022.10.05"]
[SourceQuality "1"]

1. d4 d5 2. c4 e6 3. Nc3 Nf6 4. Bg5 Be7 5. Nf3 0-0 6. e3 Nbd7 7. cxd5 exd5 8. Bd3 Ne4 9. Bxe4 dxe4 10. Nxe4 f6 11. Bf4 g5 12. Qb3+ Kh8 13. Bg3 f5 14. Be5+ Nxe5 15. Nxe5 fxe4 16. Nf7+ Rxf7 17. Qxf7 Bb4+ 18. Ke2 b6 19. Rac1 Ba6+ 20. Kd1 c5 21. a3 cxd4 22. Rc7 dxe3+ 23. Kc1 Qxc7+ 24. Qxc7 Rc8 25. Qxc8+ Bxc8 26. axb4 exf2 27. b5 e3 28. h3 e2 29. Kd2 f1Q 0-1